[Event "I Open Hotel President A"]
[Site "Correggio ITA"]
[Date "2007.12.09"]
[Round "5"]
[White "De Biaggi, Paolo"]
[Black "Guglielmi, Dante"]
[Result "1-0"]
[WhiteElo "1949"]
[BlackElo "1925"]
[PlyCount "59"]
[EventDate "2007.12.07"]

1. e4 c5 2. Nf3 d6 3. Bb5+ Bd7 4. Bxd7+ Qxd7 5. Qe2 Nc6 6. c3 Nf6 7. d3 g6 8.
O-O Bg7 9. h3 O-O 10. Na3 Rac8 11. Nd2 Nh5 12. Ndc4 b6 13. g4 Nf6 14. f4 d5 15.
Nd2 dxe4 16. dxe4 h5 17. e5 Nd5 18. Ne4 hxg4 19. hxg4 Rcd8 20. Ng5 Nc7 21. Be3
Qd3 22. Qf3 Nd5 23. Rfe1 Nxe3 24. Rxe3 Qd2 25. Nc4 Qd5 26. Qh3 Rfe8 27. e6 f6
28. Qh7+ Kf8 29. Qxg6 Kg8 30. Qf7+ 1-0

[Event "I Open Hotel President A"]
[Site "Correggio ITA"]
[Date "2007.12.09"]
[Round "5"]
[White "Efimov, Igor"]
[Black "Malfagia, Andrea"]
[Result "1-0"]
[WhiteElo "2446"]
[BlackElo "2244"]
[PlyCount "55"]
[EventDate "2007.12.07"]

1. Nf3 d5 2. e3 Nf6 3. c4 g6 4. cxd5 Nxd5 5. Qa4+ Nd7 6. h4 Bg7 7. h5 O-O 8.
hxg6 hxg6 9. Qh4 N7f6 10. e4 Nb4 11. e5 Nc2+ 12. Kd1 g5 13. Nxg5 Bf5 14. exf6
exf6 15. Ne4 Re8 16. Nbc3 Nxa1 17. d3 Qd4 18. Be3 Qe5 19. Kc1 Rad8 20. Bh6 Bxe4
21. Bxg7 Qg5+ 22. Qxg5 fxg5 23. Bf6 Bh7 24. Bxd8 Rxd8 25. Kd2 Rd6 26. Be2 Rb6
27. Rxa1 Rxb2+ 28. Kc1 1-0

[Event "I Open Hotel President A"]
[Site "Correggio ITA"]
[Date "2007.12.09"]
[Round "5"]
[White "Frigieri, Fabrizio"]
[Black "Gilevych, Artem"]
[Result "0-1"]
[WhiteElo "2074"]
[BlackElo "2060"]
[PlyCount "64"]
[EventDate "2007.12.07"]

1. e4 Nc6 2. Nf3 e6 3. c4 d5 4. cxd5 exd5 5. exd5 Qxd5 6. Nc3 Qa5 7. Bc4 Bg4 8.
Bxf7+ Kxf7 9. Qb3+ Be6 10. Qxb7 Re8 11. O-O Nd8 12. Qa8 Nf6 13. d4 Bd6 14. Ng5+
Kf8 15. f4 Bc4 16. Rd1 g6 17. Qf3 Kg7 18. d5 Qc5+ 19. Kh1 Bxd5 20. Nxd5 Qxd5
21. Qf1 Qf5 22. b3 Rhf8 23. Bb2 Ne6 24. Nxe6+ Rxe6 25. Rac1 Qxf4 26. Qxf4 Bxf4
27. Rc4 Bd6 28. Ra4 g5 29. Rxa7 Kg6 30. Bxf6 Rexf6 31. g4 Rf2 32. a4 Rb2 0-1

[Event "I Open Hotel President A"]
[Site "Correggio ITA"]
[Date "2007.12.09"]
[Round "5"]
[White "Molina, Fabrizio"]
[Black "Genocchio, Daniele"]
[Result "1/2-1/2"]
[WhiteElo "2278"]
[BlackElo "2433"]
[PlyCount "33"]
[EventDate "2007.12.07"]

1. c4 Nc6 2. Nc3 e5 3. Nf3 Nf6 4. e3 d6 5. d4 g6 6. Be2 Bd7 7. d5 Ne7 8. c5 Bg7
9. e4 O-O 10. cxd6 cxd6 11. Nd2 a6 12. a4 b6 13. Nc4 Nc8 14. Be3 Ne8 15. Qb3
Rb8 16. Na3 Nc7 17. O-O 1/2-1/2

[Event "I Open Hotel President A"]
[Site "Correggio ITA"]
[Date "2007.12.09"]
[Round "5"]
[White "Mrdja, Milan"]
[Black "Sciortino, Massimo"]
[Result "1/2-1/2"]
[WhiteElo "2408"]
[BlackElo "2221"]
[PlyCount "39"]
[EventDate "2007.12.07"]

1. e4 e5 2. Nf3 Nc6 3. Bb5 a6 4. Ba4 Nf6 5. O-O Be7 6. Re1 b5 7. Bb3 O-O 8. c3
d5 9. exd5 Nxd5 10. Nxe5 Nxe5 11. Rxe5 c6 12. d4 Bd6 13. Re1 Qh4 14. g3 Qh3 15.
Re3 Bg4 16. Qd3 Rae8 17. Nd2 f5 18. Qf1 Qh5 19. f4 Kh8 20. Bxd5 1/2-1/2

[Event "I Open Hotel President A"]
[Site "Correggio ITA"]
[Date "2007.12.09"]
[Round "5"]
[White "Paoli, Walter"]
[Black "Tagliagambe, Stefano"]
[Result "1/2-1/2"]
[WhiteElo "2026"]
[BlackElo "2017"]
[PlyCount "74"]
[EventDate "2007.12.07"]

1. e4 c5 2. c3 Nf6 3. e5 Nd5 4. d4 cxd4 5. Nf3 e6 6. cxd4 d6 7. a3 Bd7 8. Bd3
Bc6 9. O-O Nd7 10. Bg5 Be7 11. Bxe7 Qxe7 12. Re1 O-O 13. Nc3 Nxc3 14. bxc3 dxe5
15. Nxe5 Nxe5 16. Rxe5 Rfd8 17. Qe2 Rac8 18. Qc2 h6 19. Re3 b5 20. Qb3 a6 21.
Qb2 Qb7 22. Rg3 Be4 23. Be2 Qd5 24. Qd2 Kf8 25. Qf4 Qf5 26. Qe3 Qd5 27. Bg4 Rc6
28. Qf4 f5 29. Bf3 Bxf3 30. Rxf3 Rdc8 31. Qe3 Kg8 32. Qd2 Qb3 33. Rc1 Qxa3 34.
Rg3 Qe7 35. h3 Qf6 36. Re1 Rd8 37. Rge3 Rcd6 1/2-1/2

[Event "I Open Hotel President A"]
[Site "Correggio ITA"]
[Date "2007.12.09"]
[Round "5"]
[White "Reggi, Matteo"]
[Black "Moi, Roberto"]
[Result "0-1"]
[WhiteElo "1856"]
[BlackElo "1939"]
[PlyCount "75"]
[EventDate "2007.12.07"]

1. d4 d5 2. c4 dxc4 3. Nf3 Nf6 4. e3 e6 5. Bxc4 c5 6. O-O a6 7. a4 Nc6 8. Nc3
cxd4 9. exd4 Be7 10. Bg5 O-O 11. Rc1 Nb4 12. Qe2 Nbd5 13. Ba2 b6 14. Rfe1 Bb7
15. Bb1 Qd6 16. Ne5 h6 17. Bd2 Nxc3 18. bxc3 Rfd8 19. Ng4 Qc6 20. Nxf6+ Bxf6
21. Qg4 Kf8 22. Be4 Qd7 23. Bxb7 Qxb7 24. f4 Qd7 25. Re2 Qxa4 26. f5 e5 27. Qh5
exd4 28. cxd4 Rxd4 29. Rc7 Rd7 30. Rxd7 Qxd7 31. g4 Re8 32. Rxe8+ Kxe8 33. g5
Bd4+ 34. Kg2 Qd5+ 35. Kg3 Be5+ 36. Kg4 Qg2+ 37. Kh4 Qxh2+ 38. Kg4 0-1

[Event "I Open Hotel President A"]
[Site "Correggio ITA"]
[Date "2007.12.09"]
[Round "5"]
[White "Scalcione, Michelangelo"]
[Black "Dvirnyy, Danyyil"]
[Result "1-0"]
[WhiteElo "2357"]
[BlackElo "2333"]
[PlyCount "83"]
[EventDate "2007.12.07"]

1. Nf3 g6 2. e4 Bg7 3. d4 c6 4. Bd3 d5 5. exd5 cxd5 6. h3 Nc6 7. c3 Nf6 8. Qe2
O-O 9. O-O Nd7 10. Bf4 Re8 11. Nbd2 e5 12. dxe5 Ndxe5 13. Nxe5 Nxe5 14. Bb5 Bd7
15. Bxd7 Qxd7 16. Bxe5 Rxe5 17. Qd3 Rae8 18. Nf3 Re2 19. Rab1 Qc6 20. Rfe1
Rxe1+ 21. Rxe1 Rxe1+ 22. Nxe1 Qc4 23. Qxc4 dxc4 24. Nc2 b5 25. a4 a6 26. axb5
axb5 27. Na3 Bh6 28. Nxb5 Bc1 29. Kf1 Bxb2 30. Ke2 Bc1 31. Nd6 f5 32. Nxc4 Kf7
33. Kd3 Ke6 34. Kd4 Bf4 35. Nb2 Bb8 36. Nd3 Ba7+ 37. Kc4 g5 38. g4 fxg4 39.
hxg4 h5 40. gxh5 g4 41. h6 Kf6 42. Ne5 1-0

[Event "I Open Hotel President A"]
[Site "Correggio ITA"]
[Date "2007.12.09"]
[Round "5"]
[White "Schiatti, Piero"]
[Black "Rubini, Alessandro"]
[Result "1-0"]
[WhiteElo "2042"]
[BlackElo "1733"]
[PlyCount "95"]
[EventDate "2007.12.07"]

1. c4 e5 2. Nc3 f5 3. g3 Nf6 4. Bg2 d6 5. d4 c6 6. dxe5 dxe5 7. Qxd8+ Kxd8 8.
Nf3 Bd6 9. c5 Bc7 10. O-O Na6 11. Be3 Nb4 12. a3 Nbd5 13. Nxd5 cxd5 14. Ng5 Ke7
15. Rad1 h6 16. Nh3 Rd8 17. f4 e4 18. Bd4 Be6 19. Nf2 Kf7 20. e3 Nd7 21. b4 b6
22. c6 Nf8 23. Rc1 a6 24. Rfd1 Ng6 25. Bf1 Ne7 26. a4 Rdb8 27. Be2 g6 28. Rd2
Rc8 29. Bd1 Rab8 30. Bb3 Bd6 31. b5 a5 32. Nd1 Bc7 33. Nc3 Rd8 34. Ne2 Rbc8 35.
Bb2 Bd6 36. Nd4 Bc5 37. Kg2 Bb4 38. Rdc2 Rc7 39. Ne2 Bc5 40. Rxc5 bxc5 41. Rxc5
Nc8 42. Be5 Nd6 43. b6 Rcc8 44. Nd4 Nb7 45. Rc2 Nd6 46. b7 Rb8 47. c7 Nxb7 48.
cxb8=Q 1-0

[Event "I Open Hotel President A"]
[Site "Correggio ITA"]
[Date "2007.12.09"]
[Round "6"]
[White "Bertani, Gianfranco"]
[Black "Barletta, Mauro"]
[Result "1/2-1/2"]
[WhiteElo "2107"]
[BlackElo "2248"]
[PlyCount "86"]
[EventDate "2007.12.07"]

1. Nf3 d5 2. b3 Nf6 3. Bb2 e6 4. e3 Bd6 5. d4 Nbd7 6. Nbd2 Qe7 7. Ne5 Ba3 8.
Bxa3 Qxa3 9. f4 Ne4 10. Nxe4 dxe4 11. c3 Qe7 12. Nxd7 Bxd7 13. Qh5 O-O 14. Bc4
f5 15. Qe2 Kh8 16. O-O Rf6 17. b4 Rh6 18. Qf2 Rg8 19. a3 Be8 20. Ra2 Bh5 21.
Be2 Bf7 22. c4 g5 23. g3 g4 24. Rd2 Rd8 25. Rfd1 Rg6 26. c5 c6 27. Rb2 Be8 28.
Rdb1 Rg7 29. Bc4 h5 30. Rf1 Rh7 31. Qe1 Kg7 32. Qc3 Kg6 33. Qb3 Bd7 34. b5 cxb5
35. Bxb5 Bxb5 36. Qxb5 h4 37. gxh4 Qxh4 38. Rff2 Qh3 39. Qb3 Kf6 40. Qc3 Kg6
41. Qb3 Kf6 42. Qc3 Rd5 43. Qd2 Rd8 1/2-1/2

[Event "I Open Hotel President A"]
[Site "Correggio ITA"]
[Date "2007.12.09"]
[Round "6"]
[White "Chierici, Marianna"]
[Black "Mrdja, Milan"]
[Result "0-1"]
[WhiteElo "2040"]
[BlackElo "2408"]
[PlyCount "56"]
[EventDate "2007.12.07"]

1. e4 Nf6 2. e5 Nd5 3. d4 d6 4. c4 Nb6 5. exd6 cxd6 6. Nc3 Nc6 7. Be3 Bf5 8.
Nf3 Rc8 9. Rc1 e6 10. Be2 Be7 11. O-O O-O 12. Ne1 d5 13. cxd5 Nxd5 14. Nxd5
Qxd5 15. Bc4 Qd8 16. Nf3 Be4 17. Ne5 Bf6 18. Qg4 Bf5 19. Qf4 h6 20. Rfd1 Bxe5
21. dxe5 Qa5 22. g4 Bg6 23. Bd4 Nxd4 24. Rxd4 Rc5 25. a3 Rxe5 26. Rc3 Re1+ 27.
Kg2 e5 28. b4 Qb6 0-1

[Event "I Open Hotel President A"]
[Site "Correggio ITA"]
[Date "2007.12.09"]
[Round "6"]
[White "Fiorentini, Paolo"]
[Black "Bonade', Massimo"]
[Result "0-1"]
[WhiteElo "1984"]
[BlackElo "2168"]
[PlyCount "88"]
[EventDate "2007.12.07"]

1. d4 Nf6 2. c4 e6 3. e3 b6 4. Nf3 Bb7 5. Bd3 d5 6. O-O Bd6 7. Nc3 O-O 8. Qe2
Ne4 9. Nd2 f5 10. g3 Nd7 11. f3 Nxc3 12. bxc3 Kh8 13. e4 fxe4 14. fxe4 Rxf1+
15. Kxf1 Qf6+ 16. Kg1 dxc4 17. Nxc4 e5 18. Be3 Qg6 19. Bd2 Rf8 20. Rf1 Rxf1+
21. Kxf1 Qf6+ 22. Qf2 Qe7 23. Qf5 g6 24. Qf3 Kg7 25. Kg1 Qf6 26. Qg4 Qf7 27.
Bc2 Nf6 28. Qe2 Qe7 29. Bg5 h6 30. Bd2 Ba6 31. Bd3 Bxc4 32. Bxc4 exd4 33. Bd3
Be5 34. cxd4 Bxd4+ 35. Kh1 c5 36. Bf4 Be5 37. Bd2 Qd7 38. Be3 Qh3 39. Bf4 Qe6
40. Be3 Qg4 41. Qd2 Qf3+ 42. Kg1 Ng4 43. Bf2 Nxf2 44. Bf1 Bd4 0-1

[Event "I Open Hotel President A"]
[Site "Correggio ITA"]
[Date "2007.12.09"]
[Round "6"]
[White "Gilevych, Artem"]
[Black "Paoli, Walter"]
[Result "1/2-1/2"]
[WhiteElo "2060"]
[BlackElo "2026"]
[PlyCount "33"]
[EventDate "2007.12.07"]

1. d4 Nf6 2. Nf3 g6 3. c4 d5 4. Nc3 Bg7 5. Bg5 Ne4 6. cxd5 Nxg5 7. Nxg5 c6 8.
h4 h6 9. Nf3 cxd5 10. Qb3 e6 11. e3 O-O 12. Bd3 Nc6 13. Rd1 Bd7 14. Bb1 Qb6 15.
Qc2 Rac8 16. a3 e5 17. dxe5 1/2-1/2

[Event "I Open Hotel President A"]
[Site "Correggio ITA"]
[Date "2007.12.09"]
[Round "6"]
[White "Guglielmi, Dante"]
[Black "Rubini, Alessandro"]
[Result "0-1"]
[WhiteElo "1925"]
[BlackElo "1733"]
[PlyCount "84"]
[EventDate "2007.12.07"]

1. c4 e5 2. Nc3 f5 3. g3 Nf6 4. Bg2 Bb4 5. Nf3 Bxc3 6. bxc3 Qe7 7. d3 Nc6 8.
O-O O-O 9. Rb1 b6 10. Qb3 d6 11. Nxe5 Na5 12. Qc2 dxe5 13. Bxa8 c6 14. c5 Qxc5
15. Qa4 Qd5 16. Ba3 Re8 17. c4 Qe6 18. Bb4 f4 19. f3 fxg3 20. hxg3 Qh3 21. Kf2
Qh2+ 22. Ke1 Bh3 23. Bxc6 Nxc6 24. Kd2 Bxf1 25. Rxf1 Nd4 26. Qd1 Qxg3 27. Rg1
Qh4 28. Kc1 Qh2 29. Re1 Qg2 30. Bd2 Nh5 31. Kb2 Nf4 32. Bxf4 exf4 33. Qa4 Rxe2+
34. Rxe2 Qxe2+ 35. Kc3 Qe5 36. Kb4 Qa5+ 37. Qxa5 bxa5+ 38. Kc3 Nxf3 39. c5 Ne5
40. d4 Nd7 41. c6 Nb6 42. c7 Nd5+ 0-1

[Event "I Open Hotel President A"]
[Site "Correggio ITA"]
[Date "2007.12.09"]
[Round "6"]
[White "Malfagia, Andrea"]
[Black "Buriani, Andrea"]
[Result "1-0"]
[WhiteElo "2244"]
[BlackElo "2138"]
[PlyCount "93"]
[EventDate "2007.12.07"]

1. d4 d5 2. Nf3 Nf6 3. e3 Bg4 4. c4 c6 5. Nc3 e6 6. Be2 Nbd7 7. O-O Bd6 8. b3
O-O 9. Bb2 Qe7 10. a3 Rad8 11. cxd5 exd5 12. b4 a6 13. h3 Bh5 14. Nh4 Bxe2 15.
Qxe2 g6 16. Rab1 Ne4 17. Nxe4 Qxe4 18. Nf3 f5 19. Nd2 Qe7 20. Rfe1 Rde8 21. Qd3
Qh4 22. Bc3 g5 23. Kf1 g4 24. Ke2 gxh3 25. Nf3 Qh6 26. Rh1 h2 27. g3 Qg6 28.
Rxh2 Nf6 29. Rbh1 Ng4 30. Rh5 h6 31. Ne5 Bxe5 32. dxe5 Re6 33. Qb1 Rfe8 34. f3
Nf6 35. exf6 Rxe3+ 36. Kd2 Re2+ 37. Kd1 Qxg3 38. f7+ Kxf7 39. Qxf5+ Kg8 40.
Qg4+ Qxg4 41. fxg4 R8e6 42. Rxh6 Rxh6 43. Rxh6 Ra2 44. g5 Rxa3 45. Kc2 d4 46.
Bxd4 Rg3 47. g6 1-0

[Event "I Open Hotel President A"]
[Site "Correggio ITA"]
[Date "2007.12.09"]
[Round "6"]
[White "Moi, Roberto"]
[Black "Schiatti, Piero"]
[Result "1-0"]
[WhiteElo "1939"]
[BlackElo "2042"]
[PlyCount "61"]
[EventDate "2007.12.07"]

1. d4 d5 2. c4 c6 3. Nf3 dxc4 4. e3 Be6 5. a4 Nf6 6. Nc3 g6 7. Ne5 Bg7 8. Nxc4
O-O 9. Be2 Nbd7 10. O-O Nb6 11. Ne5 a5 12. f4 Nfd7 13. Qe1 f6 14. Nd3 Bc4 15.
f5 e5 16. fxg6 hxg6 17. Qg3 Qe8 18. Ne4 Nc8 19. b3 Ba6 20. Ba3 exd4 21. Bxf8
Nxf8 22. Nxf6+ Bxf6 23. Rxf6 Qxe3+ 24. Qxe3 dxe3 25. Rf3 Ne7 26. Rxe3 Nd5 27.
Rg3 Re8 28. Bf1 Ne3 29. Re1 Nxf1 30. Rxf1 Rd8 31. Rff3 1-0

[Event "I Open Hotel President A"]
[Site "Correggio ITA"]
[Date "2007.12.09"]
[Round "6"]
[White "Prati, Alessandro"]
[Black "Frigieri, Fabrizio"]
[Result "0-1"]
[WhiteElo "1877"]
[BlackElo "2074"]
[PlyCount "96"]
[EventDate "2007.12.07"]

1. d4 d5 2. Nf3 c6 3. e3 Nf6 4. Bd3 Bg4 5. Nbd2 e6 6. O-O Nbd7 7. b3 Bd6 8. Bb2
Qc7 9. Qc1 e5 10. dxe5 Nxe5 11. Be2 O-O 12. Re1 Rfe8 13. Qd1 Bf5 14. Nxe5 Bxe5
15. Bxe5 Qxe5 16. Nf3 Qe7 17. Nd4 Bg6 18. Rc1 Qa3 19. Ra1 a5 20. c4 a4 21. Qc1
axb3 22. axb3 Qb4 23. Qb2 Ra5 24. Rec1 Rea8 25. Rxa5 Qxa5 26. Bf3 dxc4 27. bxc4
Qa3 28. Qxa3 Rxa3 29. Rd1 Kf8 30. g3 Ke7 31. Kg2 Rc3 32. Be2 Nd7 33. Ra1 Kd6
34. Rd1 Kc7 35. h4 h5 36. Nf3 Be4 37. Rd4 f5 38. Kf1 Rc1+ 39. Rd1 Rxd1+ 40.
Bxd1 Kd6 41. Ng5 g6 42. Nf7+ Ke7 43. Ng5 Bd3+ 44. Be2 Bxe2+ 45. Kxe2 Ne5 46. c5
Nd7 47. Kd3 Nxc5+ 48. Kd4 Ne6+ 0-1

[Event "I Open Hotel President A"]
[Site "Correggio ITA"]
[Date "2007.12.09"]
[Round "6"]
[White "Raineri, Valerio"]
[Black "De Biaggi, Paolo"]
[Result "1-0"]
[WhiteElo "2144"]
[BlackElo "1949"]
[PlyCount "71"]
[EventDate "2007.12.07"]

1. e4 e6 2. Qe2 g6 3. f4 Bg7 4. Nf3 d6 5. c3 Ne7 6. d4 O-O 7. Qf2 b6 8. Be2 c5
9. O-O Bb7 10. Bd3 Nd7 11. Nbd2 Rc8 12. Re1 Re8 13. Nf1 d5 14. e5 c4 15. Bc2
Nf8 16. g4 b5 17. Ng3 Qd7 18. f5 f6 19. exf6 Bxf6 20. g5 Bh8 21. f6 Nc6 22. Ne5
Nxe5 23. Rxe5 Qf7 24. Bf4 Nd7 25. Re2 Rc6 26. Be5 a5 27. Rf1 Bc8 28. Qf3 Ra6
29. Nh1 Nxe5 30. Rxe5 Kf8 31. Nf2 Rd8 32. Ng4 Ke8 33. Re2 Rdd6 34. Ne5 Qf8 35.
Bxg6+ hxg6 36. f7+ 1-0

[Event "I Open Hotel President A"]
[Site "Correggio ITA"]
[Date "2007.12.09"]
[Round "6"]
[White "Sciortino, Massimo"]
[Black "Lucchi, Lorenzo"]
[Result "1-0"]
[WhiteElo "2221"]
[BlackElo "2003"]
[PlyCount "69"]
[EventDate "2007.12.07"]

1. e4 d6 2. d4 Nf6 3. Nc3 e5 4. Nf3 Nbd7 5. Bc4 Be7 6. O-O O-O 7. Re1 c6 8. a4
Re8 9. b3 Nb6 10. Bf1 Bg4 11. Bb2 exd4 12. Qxd4 Bxf3 13. gxf3 d5 14. a5 Nbd7
15. exd5 Bc5 16. Rxe8+ Qxe8 17. Qd2 Ne5 18. Bg2 Qd7 19. Ne4 Nxe4 20. fxe4 Ng4
21. Bd4 Bd6 22. h3 Ne5 23. a6 c5 24. axb7 Qxb7 25. Be3 Ng6 26. f4 Re8 27. e5
Nxe5 28. fxe5 Bxe5 29. Re1 f5 30. Kh1 Qc7 31. Bg1 Re7 32. Qf2 Bd4 33. Rxe7 Qxe7
34. Qxf5 Bxg1 35. Kxg1 1-0

[Event "I Open Hotel President A"]
[Site "Correggio ITA"]
[Date "2007.12.09"]
[Round "6"]
[White "Tagliagambe, Stefano"]
[Black "Reggi, Matteo"]
[Result "1-0"]
[WhiteElo "2017"]
[BlackElo "1856"]
[PlyCount "65"]
[EventDate "2007.12.07"]

1. Nf3 Nc6 2. d4 d5 3. c4 Bg4 4. cxd5 Bxf3 5. dxc6 Bxc6 6. Nc3 e6 7. e4 Bb4 8.
f3 Qh4+ 9. g3 Qe7 10. Bg2 Rd8 11. Be3 Bc5 12. Qd2 e5 13. d5 Bd7 14. O-O f5 15.
Rf2 Nf6 16. Bxc5 Qxc5 17. Kh1 O-O 18. h3 Nh5 19. Kh2 f4 20. g4 Ng3 21. Qc2 Qb6
22. Rd2 h5 23. d6 c6 24. Qb3+ Qxb3 25. axb3 a6 26. Na4 hxg4 27. hxg4 Kf7 28.
Nc5 Rh8+ 29. Kg1 Rh4 30. Kf2 b6 31. Nd3 Ke6 32. Rxa6 Rb8 33. b4 1-0

[Event "I Open Hotel President A"]
[Site "Correggio ITA"]
[Date "2007.12.09"]
[Round "6"]
[White "Zimina, Olga"]
[Black "Scalcione, Michelangelo"]
[Result "0-1"]
[WhiteElo "2374"]
[BlackElo "2357"]
[PlyCount "84"]
[EventDate "2007.12.07"]

1. e4 d6 2. d4 Nf6 3. Nc3 e5 4. Nf3 Nbd7 5. Bc4 Be7 6. O-O O-O 7. a4 a6 8. Re1
b6 9. h3 c6 10. d5 c5 11. Bf1 Kh8 12. Ra3 Ng8 13. Ne2 g6 14. g4 f5 15. gxf5
gxf5 16. exf5 Rxf5 17. Ng3 Rf7 18. Nh5 Nf8 19. Nh2 Bg5 20. Bxg5 Qxg5+ 21. Rg3
Qh6 22. Be2 Ng6 23. Bg4 Bxg4 24. hxg4 Qg5 25. Nf3 Qe7 26. Nd2 Nf6 27. Nxf6 Rxf6
28. Ne4 Rf7 29. g5 Nf4 30. Qg4 Rg8 31. Nf6 Rg6 32. Ree3 Qf8 33. Qh3 Rfg7 34.
Kf1 Qf7 35. c4 Qf8 36. Rg4 Re7 37. Rg1 Qg7 38. Qg4 Rf7 39. Rh1 Rgxf6 40. Reh3
Nxh3 41. Qc8+ Rf8 42. gxf6 Qxf6 0-1

[Event "VII Open Alto Sangro A"]
[Site "Castel di Sangro ITA"]
[Date "2007.12.07"]
[Round "1"]
[White "Antonelli, Alessandro"]
[Black "Stromboli, Carlo"]
[Result "0-1"]
[WhiteElo "1886"]
[BlackElo "2248"]
[PlyCount "40"]
[EventDate "2007.12.07"]

1. e4 e5 2. Nf3 Nc6 3. d4 exd4 4. Nxd4 Bb4+ 5. c3 Be7 6. Be3 Nf6 7. Nd2 O-O 8.
Bc4 Ne5 9. Be2 d5 10. Qc2 Kh8 11. f3 c5 12. N4b3 b6 13. exd5 Nxd5 14. Bf2 Nf4
15. Qe4 Ned3+ 16. Kf1 Ba6 17. Bg3 Bd6 18. Bxf4 Re8 19. Qa4 Qh4 20. g3 Qh3+ 0-1

[Event "VII Open Alto Sangro A"]
[Site "Castel di Sangro ITA"]
[Date "2007.12.07"]
[Round "1"]
[White "Ferretti, Folco"]
[Black "Mazzarella, Antonio"]
[Result "1-0"]
[WhiteElo "2250"]
[BlackElo "1931"]
[PlyCount "61"]
[EventDate "2007.12.07"]

1. Nf3 g6 2. e4 Bg7 3. d4 d6 4. c3 Nd7 5. Bg5 h6 6. Bh4 g5 7. Bg3 e6 8. Bd3 Ne7
9. e5 d5 10. Na3 b6 11. Nc2 c5 12. Ne3 c4 13. Bc2 Nf8 14. Nd2 Nfg6 15. Qf3 h5
16. Ndxc4 dxc4 17. Qxa8 h4 18. Nxc4 hxg3 19. Nd6+ Kf8 20. fxg3 Nxe5 21. Nxc8
Nxc8 22. dxe5 Bxe5 23. Qf3 Qd6 24. O-O Qc5+ 25. Qf2 Qc7 26. Rae1 f5 27. Bxf5
Ke7 28. Bxe6 Kxe6 29. Qf5+ Kd5 30. Rxe5+ Kc6 31. Qe4+ 1-0

[Event "VII Open Alto Sangro A"]
[Site "Castel di Sangro ITA"]
[Date "2007.12.07"]
[Round "1"]
[White "Orsini, Daniele"]
[Black "Dragojlovic, Andjelko"]
[Result "0-1"]
[WhiteElo "1961"]
[BlackElo "2409"]
[PlyCount "60"]
[EventDate "2007.12.07"]

1. e4 c5 2. Nf3 d6 3. d4 cxd4 4. Nxd4 Nf6 5. Nc3 g6 6. Be3 Bg7 7. f3 Nc6 8. Qd2
Qa5 9. O-O-O O-O 10. g4 Nxd4 11. Bxd4 Be6 12. Kb1 Rfc8 13. h4 Rxc3 14. Qxc3
Qxa2+ 15. Kc1 Qa1+ 16. Kd2 Qa4 17. b3 Nxe4+ 18. fxe4 Qxd4+ 19. Qxd4 Bxd4 20.
Be2 h6 21. Kd3 Be5 22. Rhf1 a5 23. Bf3 b5 24. Rf2 Rc8 25. Rc1 Bxb3 26. Rb1 Rc3+
27. Kd2 Rxc2+ 28. Ke3 Rc3+ 29. Kd2 b4 30. Be2 a4 0-1

[Event "VII Open Alto Sangro A"]
[Site "Castel di Sangro ITA"]
[Date "2007.12.07"]
[Round "2"]
[White "Andreoli, Mark"]
[Black "Ferretti, Folco"]
[Result "0-1"]
[WhiteElo "2050"]
[BlackElo "2250"]
[PlyCount "54"]
[EventDate "2007.12.07"]

1. e4 d6 2. d4 Nf6 3. Nc3 e5 4. dxe5 dxe5 5. Qxd8+ Kxd8 6. Bg5 Be6 7. O-O-O+
Nbd7 8. Nf3 Kc8 9. h3 Bb4 10. Nd5 Bc5 11. Bxf6 gxf6 12. Be2 Bxf2 13. Rhf1 Bc5
14. Nh4 c6 15. Nc3 Bd4 16. Nf5 Bxc3 17. bxc3 Kc7 18. Bh5 Bxa2 19. Nd6 Be6 20.
Nxf7 Rhg8 21. g4 Rgf8 22. Nd6 Nc5 23. h4 Rad8 24. Nf5 Rxd1+ 25. Kxd1 Nxe4 26.
c4 Bxf5 27. Rxf5 Ng3 0-1

[Event "VII Open Alto Sangro A"]
[Site "Castel di Sangro ITA"]
[Date "2007.12.08"]
[Round "3"]
[White "Aleksic, Nenad"]
[Black "Andreoli, Mark"]
[Result "1-0"]
[WhiteElo "2368"]
[BlackElo "2050"]
[PlyCount "93"]
[EventDate "2007.12.07"]

1. e4 c5 2. Nf3 d6 3. d4 cxd4 4. Nxd4 Nf6 5. Nc3 g6 6. Bc4 Bg7 7. h3 O-O 8. O-O
Nc6 9. Be3 Bd7 10. Bb3 Qa5 11. Re1 Rac8 12. Nd5 Nxd5 13. exd5 Ne5 14. Qe2 b5
15. Rad1 Nc4 16. Bc1 Rfe8 17. c3 e5 18. dxe6 Bxe6 19. Nxe6 Rxe6 20. Qf3 Be5 21.
Re2 Rce8 22. Rde1 Qd8 23. Kf1 Bg7 24. Rxe6 fxe6 25. Qc6 Qb8 26. Bxc4 bxc4 27.
Qxc4 d5 28. Qc6 d4 29. cxd4 Bxd4 30. Be3 Bg7 31. Bxa7 Qa8 32. Qc7 Bxb2 33. Rb1
Bf6 34. Rb7 Re7 35. Qxe7 Bxe7 36. Rb8+ Qxb8 37. Bxb8 Ba3 38. Ke2 Kf7 39. Kd3
Kf6 40. Kc4 h5 41. Ba7 Bd6 42. Bb6 g5 43. a4 g4 44. hxg4 hxg4 45. g3 Ke5 46. a5
Ke4 47. a6 1-0

[Event "VII Open Alto Sangro A"]
[Site "Castel di Sangro ITA"]
[Date "2007.12.08"]
[Round "3"]
[White "Di Censo, Angelo"]
[Black "Stromboli, Ettore"]
[Result "0-1"]
[WhiteElo "1796"]
[BlackElo "2281"]
[PlyCount "32"]
[EventDate "2007.12.07"]

1. e4 e6 2. d4 d5 3. e5 c5 4. Qg4 Nc6 5. Nf3 f5 6. Qg3 Qa5+ 7. Nbd2 Nb4 8. Nb3
Nxc2+ 9. Kd1 Qa4 10. Kxc2 c4 11. Bd2 Bd7 12. Be2 a6 13. Nh4 cxb3+ 14. Qxb3 Qxd4
15. Bh5+ g6 16. Nxg6 Ba4 0-1

[Event "VII Open Alto Sangro A"]
[Site "Castel di Sangro ITA"]
[Date "2007.12.08"]
[Round "3"]
[White "Ferretti, Folco"]
[Black "Dragojlovic, Andjelko"]
[Result "1-0"]
[WhiteElo "2250"]
[BlackElo "2409"]
[PlyCount "87"]
[EventDate "2007.12.07"]

1. e4 c5 2. Nc3 g6 3. d4 cxd4 4. Qxd4 Nf6 5. Bb5 a6 6. e5 axb5 7. exf6 e6 8.
Nxb5 Qa5+ 9. Nc3 Nc6 10. Qd1 b5 11. Nf3 b4 12. Ne2 b3+ 13. Bd2 bxc2 14. Qc1 Qb5
15. Qxc2 Nb4 16. Bxb4 Bxb4+ 17. Nc3 Ba6 18. Qd2 Bxc3 19. bxc3 O-O 20. Rc1 Qc4
21. Nd4 Qd5 22. Qe3 Bc4 23. Rc2 Ra6 24. f3 Rfa8 25. Kf2 Rxa2 26. Qh6 Rxc2+ 27.
Nxc2 Qc5+ 28. Ne3 Ra2+ 29. Kg3 Qe5+ 30. Qf4 Qxf4+ 31. Kxf4 h6 32. Nxc4 Ra4 33.
Ke5 Rxc4 34. Kd6 Rxc3 35. Rb1 g5 36. Rb8+ Kh7 37. Ke7 Rc2 38. Kxf7 Rxg2 39. Ke7
Rf2 40. Rb3 Ra2 41. f7 Ra8 42. f8=Q Rxf8 43. Kxf8 Kg6 44. Ke7 1-0

[Event "VII Open Alto Sangro A"]
[Site "Castel di Sangro ITA"]
[Date "2007.12.08"]
[Round "3"]
[White "Ficco, Corrado"]
[Black "Stromboli, Carlo"]
[Result "0-1"]
[WhiteElo "2151"]
[BlackElo "2248"]
[PlyCount "54"]
[EventDate "2007.12.07"]

1. e4 e5 2. Nf3 Nc6 3. Bb5 a6 4. Bxc6 dxc6 5. d4 exd4 6. Qxd4 Qxd4 7. Nxd4 Bd7
8. Bg5 h6 9. Bh4 g5 10. Bg3 Bg7 11. c3 O-O-O 12. Na3 Re8 13. f3 f5 14. O-O fxe4
15. Rae1 Nf6 16. Nac2 c5 17. Nb3 b6 18. Nd2 exf3 19. gxf3 Bf5 20. Ne3 Bd3 21.
Rf2 h5 22. Rg2 Bh6 23. Ndf1 Rhf8 24. h3 Nd7 25. Kf2 Rxf3+ 26. Kxf3 Rf8+ 27. Bf4
Ne5+ 0-1

[Event "VII Open Alto Sangro A"]
[Site "Castel di Sangro ITA"]
[Date "2007.12.08"]
[Round "4"]
[White "Bottega, Antonio"]
[Black "Iodice, Fabio"]
[Result "1-0"]
[WhiteElo "1959"]
[BlackElo "1961"]
[PlyCount "37"]
[EventDate "2007.12.07"]

1. d4 g6 2. e4 Bg7 3. Be3 d6 4. Nc3 Nd7 5. Qd2 h6 6. Bc4 e6 7. O-O-O Ne7 8. f4
a6 9. Nf3 b5 10. Bd3 Bb7 11. f5 gxf5 12. exf5 Bxf3 13. gxf3 Nxf5 14. Bxf5 exf5
15. Rde1 Kf8 16. Rhg1 c6 17. Rg2 f4 18. Bxf4 Qf6 19. Ne4 1-0